Desde la raíz / prólogo de dinko cvitanovic

Guardado en:
Autor Principal: Paglialunga de Tuma, Mercedes
Otros Autores: Cvitanovic, Dinko, pról.
Formato: Libro
Publicado: Bahia Blanca : Impresur, 1978
Materias:
Etiquetas: Agregar Etiqueta
Sin Etiquetas, Sea el primero en etiquetar este registro!
LEADER 00770nam a22002175a 4500
001 EHU.bham024149
003 AR-BHAM
005 20080512175625.0
008 130507s1978##################000#0#####d
082 A 8 |a 868.4 
100 1 |a Paglialunga de Tuma, Mercedes 
245 1 0 |a Desde la raíz /  |b prólogo de dinko cvitanovic  |c  Mercedes Paglialunga De Tuma : 
260 |a Bahia Blanca :  |b Impresur,  |c 1978 
300 |a 23 p. 
653 |a Literatura argentina-1901- 
653 |a Miscelánea argentina-1901- 
653 |a Literatura bahiense-1901- 
653 |a Bahía blanca-inmigración 
700 1 |a Cvitanovic, Dinko, pról. 
859 |a AR-BHAM  |b BIB. HUMANIDADES - General  |h A868.4  |i P149  |k A  |p 65.80  |t Ej.1 
859 |a AR-BHAM  |b BIB. HUMANIDADES - General  |h A868.4  |i P149  |k A  |p 66.80  |t Ej.1